Statistics for Fill in the blank East Africa economy

Click here to take the quiz!

General Stats

  • This quiz has been taken 14 times
  • The average score is 3 of 7

Answer Stats

Sentence % Correct
Kenya's main import partners are {India} and China
82%
Ethiopia is Africa's {second} biggest corn producer
73%
Kenya's main export is {coffee}
55%
Somalia's currency is the {Somali Shilling}
45%
Somalia's main export is {livestock}
27%
Prior to the outbreak of the 1998–2000 Eritrean–Ethiopian War, landlocked Ethiopia mainly relied on the seaports of Assab and {Massawa} in Eritrea for international trade.
18%
The vast majority of the Tanzania's mineral export revenue comes from {gold}, accounting for 89 percent of the value of those exports in 2013.
9%

Score Distribution

Percentile by Number Answered

Percent of People with Each Score

Your Score History

You have not taken this quiz